Gesta dei papi - Statistics

Statistiche generali
  • Questo quiz è stato fatto 89 volte
  • Il punteggio medio è 13 su 20
Statistiche sulle risposte
Hint Risposta % Corretto
Incoronò Ottone il grande imperatore del Sacro Romano Impero dopo circa un secolo di incertezza su chi possedesse effettivamente questo titolo. Giovanni XII
95%
Si racconta che ordinò diacono un bambino di 10 anni Giovanni XII
95%
Primo e unico papa polacco Giovanni Paolo II
94%
Il primo papa Pietro
94%
Fu il primo nella storia a rifiutare il soglio papale dopo 6 mesi di pontificato. Celestino V
82%
Dottore della Chiesa, inviò dei monaci in Inghilterra per cristianizzare i pagani regni anglosassoni Gregorio I
74%
Il papa che sfidò l'Imperatore Enrico IV scomunicandolo Gregorio VII
74%
Scrisse il dictatus papae Gregorio VII
74%
Bandì la prima crociata nel 1095 Urbano II
72%
Sfidò a suon di bolle il Re di Francia Filippo IV il bello Bonifacio VIII
69%
Papa francese che fu il primo a risiedere ad Avignone Clemente V
69%
Il primo papa a usare uno stemma pontificio Innocenzo III
68%
Fu il precettore dell'Imperatore di Germania Federico II di Svevia Innocenzo III
68%
Convocò il Concilio Vaticano II Giovanni XXIII
56%
Creò un'alleanza contro la Repubblica di Venezia (Lega di Cambrai) Giulio II
47%
Il primo papa dopo lo scisma d'Occidente (1378-1417) Martino V
44%
Fu processato post mortem dal suo successore Stefano VI Formoso
41%
Primo papa francese, la sua elezione fu fortemente appoggiata dall'Imperatore Ottone III di Sassonia Silvestro II
35%
Si riappacificò con l'Imperatore Enrico V di Franconia stipulando con lui il Concordato di Worms, ponendo fine alla lotta per le investiture Callisto II
31%
Il Pontefice che strinse l'accordo di Melfi con i Normanni (1059) Niccolò II
26%
Nessun quiz corrispondente trovato
Distribuzione punteggi
Percentuale di utenti per punteggio
Percentile per numero di risposta
I tuoi punteggi nel tempo
Non hai fatto questo quiz